| 000 | 00362nam a2200145Ia 4500 | ||
|---|---|---|---|
| 008 | 230917s9999||||xx |||||||||||||| ||und|| | ||
| 040 |
_e50236 _aMAIN |
||
| 041 | _aEnglish | ||
| 082 | _a821.8 Y34M:W | ||
| 100 | _aYeats, W B | ||
| 245 | 0 | _aW B Yeats: Interview and recollection, V2 | |
| 260 |
_aLondon _bMacmillan _c1977 |
||
| 300 | _axi, 426 p. | ||
| 942 | _cBK | ||
| 999 |
_c153647 _d153647 |
||